| 000 | 00581nam a22001937a 4500 | ||
|---|---|---|---|
| 082 | _aP-821 | ||
| 100 |
_aAhmed, Hamza _951699 |
||
| 245 | _aOptimization of tarbela dam rule curve for flood control and maximum power generation | ||
| 260 |
_aRisalpur, _bMCE, _c2019. |
||
| 300 |
_a75p. _bill. _c30cm. |
||
| 526 |
_a0 _b0 _c0 _dP_821 |
||
| 700 |
_aAbbas, Aaliyan _951700 |
||
| 700 |
_aAhmed, Hamza _951699 |
||
| 700 |
_aAli, Jawad _951701 |
||
| 700 |
_aAnwer, Jahanzaib _951702 |
||
| 700 |
_aAzeem, Muhammad Aaimon _951703 |
||
| 700 |
_aShehzad, Dr Naeem _951704 |
||
| 942 |
_2ddc _cBK |
||
| 999 |
_c554264 _d554264 |
||